000 01471nam a22002777a 4500
001 705
005 20230703144350.0
008 230703b cb ||||| |||| 00| 0 eng d
020 _a9780531147863
040 _aFISKH
_beng
_cFISKH
_dFISKH
050 _aKF8742.Z9
082 _a347.73
100 _aButler-Taylor, Christine
245 _aThe supreme court /
_bBefore they got this building, the supreme court justices met in a basement
260 _aNew York :
_bScholastic ;
_c2008.
300 _a48 pages ;
_bcolor illustrations,
_c22 cm.
490 _3A true book
505 _aU
520 _aIdeal for today's young investigative reader, each A True Book includes lively sidebars, a glossary and index, plus a comprehensive "To Find Out More" section listing books, organizations, and Internet sites. A staple of library collections since the 1950s, the new A True Book series is the definitive nonfiction series for elementary school readers. A True Book -- American History: How do you wrap a 450,000-pound gift? What is the world's oldest and shortest written constitution? Find out in this patriotic celebration of things uniquely American.
521 _a820
_bLexile
521 _aU
_bRaz-Plus
650 _aUnited States
_vSupreme Court
_xHistory
_yJuvenile literature
650 _aCourt of last resort
_vUnited States
_xJuvenile literature
650 _aJudicial Process
_vUnited States
_xJuvenile literature
942 _2ddc
_cBK
_n0
999 _c705
_d705